Trick Questions#2 - Statistics

General Stats
  • This quiz has been taken 630 times
  • The average score is 7 of 15
Answer Stats
Hint Answer % Correct
How many letters are in the alphabet? 11
96%
Two is a duo, and three is a trio. So what do four and five make? Nine
71%
My name is Railey. I changed my name to Corby. Then I changed it to John. And then I changed it to Colin and then I was called Arthur. What is my name? Railey
70%
You’re in a race and you pass the person in second place. What place are you in now? Second Place
64%
What happens when you throw a blue rock into the Red Sea? It Sinks
50%
Mississippi has four S’s and four I’s. Can you spell that without using S or I? That
50%
What is the answer to this question? What
47%
If Mrs. Smith’s rooster lays an egg in Mr. Brown’s yard, who owns the egg? No One
46%
What can you hold without touching? Your Breath
42%
Imagine you are in a dark room. How do you get out? Stop Imagining
41%
You have two coins that equal 30 cents, and one of them is not a quarter. Which coins do you have? A Quarter and a Nickel
38%
What is the one thing everyone can agree is between heaven and earth? And
35%
What is there one of in every corner and two of in every room? O
35%
A woman quickly realizes there is no air in her driver’s side tire, but she finds something else in the tire instead. What is it? A Hole
20%
What word of five letters has only one left when two letters are removed? Stone
9%
No matching quizzes found
Score Distribution
Percent of People with Each Score
Percentile by Number Answered
Your Score History
You have not taken this quiz